000 00617nam a2200181Ia 4500
008 100921s9999 xx 000 0 und d
082 _b30447
_a891.463 थ 88
100 _aराजे शैलजा.
245 _aकृतार्थ.
260 _bराजेंद्र प्रकाशन, पुणे.
_c1988
300 _a166
_bशांती पब्लिकेशन,पुणे
365 _b48
520 _aललित-कादंबरी.
630 _aकृतार्थ.
650 _aललित-कादंबरी.
730 _aकृतार्थ.
942 _cBOOK
999 _c779560
_d779557